000
00234nam a2200097Ia 4500
008
120527s9999 xx 000 0 und d
100
_a
ROSENBERG,M.Jerry.
245
_a
Business dictionary of computers.
260
_b
Wiley
942
_c
BK
999
_c
24052
_d
24052